00439nam a2200145Ia 4500008004100000020001800041082001700059100002700076245008700103250000700190260002400197300001100221440002100232651004000253120622s9999 xx 000 0 und d a968-7723-20-3 a972 K91s v.1 aKrauze, Enrique, 1947- aSiglo de caudillos : biografía política de México 1810-1910 / Enrique Krauze a16 aMéxico : Tusquets a349 p. aAndanzas ; 207/1 a1. MEXICO - HISTORIA - 1810-1910Ì